00384 a2200121 450000500170000002000220001708200140003910000170005324500800007026000430015030000520019370000170024520250618152740.0 a978-0-07-340399-1 a174.4 MIN aMINTZ, S. M. aEthical Obligations and Decision Making in Accounting: Text and Cases. aNew York,bMcgraw- Hill Irwin,c2008. axiii, 287p.: ill.; figure, table.bIndexc25cm. aMORRIS, R.E.